000 00649nam a2200229Ia 4500
003 OSt
005 20221007063309.0
006 a|||||r|||| 00| 0
007 ta
008 221006b |||||||| |||| 00| 0 eng d
024 _a11,624
037 _cTextual
040 _aFLL
_cFLL
_beng
041 _2eng
_aeng
082 _aV2:10Y173Q7:N06-M85, L1
100 _aZakaria Rafiq Au.
_9192965
245 0 _aRise of muslims in indian politics
260 _aBombay
_bSomaiya pub. India
_c1971
300 _axiii,412p
_ccm.
942 _hV2:10Y173Q7:N06-M85, L1
_cTEXL
_2CC
999 _c1130905
_d1130905